00937nam a22002537a 450000500170000001000130001702000210003003500130005103700160006404000120008008200150009210000270010724501300013426000670026427000430033130000320037450000200040665000200042665000450044670000270049194200240051899900190054295201220056120170124105955.0 aB-061542 c00.00a007044496 aB-061542 bCen Lib/Ret aDPLbEN a371.1bKEY aKeys, Terrance 914520 aHow to be a successful technical trainer :bby Terrance Keys [and] Andrew R. Zeffccore skills for instructor certification / aNew DelhibTata McGraw-Hill Publishing Company Limited c2001 a7 West Patel NagarbNew Delhie110008 axvi,389p. :bill.c23cm(Hb) aIncludes index. aEducation91169 aTechnology -- Study and teaching.914521 aZeff, Andrew R.914522 2ddccENh371.1mKEY c125486d125486 00104070aLbLd2015-06-22eCen Lib/Retg0.00l0o371.1 KEYpB-061542r2015-06-22 00:00:00t1v0.00w2015-06-22yEN